000 01756nam a2200253 a 4500
001 000000480
005 20240307073941.0
008 081117s1998 dr abc r 001 0 spa d
040 _aDO-SdBNP
_bspa
_cBNPHU
082 _a501
_bQ3c, 1998
245 0 0 _aQuehacer científico II :
_bselección de textos /
_ccompiladores Edmundo Morel Pierret, Julio Sánchez Maríñez.
260 _aSanto Domingo :
_bINTEC,
_c1998.
300 _a310 p. :
_bil., graf., map., retrs. ;
_c23 cm.
500 _aLa biblioteca posee las reimpresiones de 1998
505 0 _aIntroducción --
_tLa ciencia de la industria /
_rMaurice Korach --
_tPlanteamiento de la investigación /
_rCarlos Sabino --
_tEl marco teórico /
_rCarlos Sabino --
_tFormulación de hipótesis /
_rRestituto Sierra Bravo --
_tVariables y su operacionalización /
_rRestituto Sierrra Bravo --
_t¿Cómo hacer la revisión de la literatura? /
_rOscar Soria --
_tEl plan experimental /
_rFrank J. Mc Guigan --
_tControl experimental --
_rFrank J. McGuigan --
_tRelaciones "causales" entre variables /
_rClaire Selltiz --
_tLa organización de un "survey" /
_rJorge Padua - Iván Ahman --
_tPlanificación de las operaciones de campo /
_rJudith Fiedler --
_tPauta para el diseño de un proyecto de investigación /
_rRoberto Cassá --
_tEl informe de la investigación /
_rJohn W. Best.
590 _aInventariado, 2018/BT
650 4 _aFilosofía de la ciencia
_vENSAYOS, CONFERENCIAS , ETC.
_91587
650 4 _aCiencia
_vENSAYOS, CONFERENCIAS, ETC.
_91588
650 4 _aTecnología
_vENSAYOS , CONFERENCIAS, ETC.
_91589
700 1 2 _aMorel Pierret, Edmundo,
_ecomp.
_91590
700 1 2 _aSánchez Maríñez, Julio
_ecomp.
_91591
710 2 _aInstituto Tecnológico de Santo Domingo
_978911
910 _aValidado. Control de calidad. MFF
999 _c478
_d478